[Event "GER H-2183-D email"]
[Site "GER email"]
[Date "2012.??.??"]
[Round "?"]
[White "Schoenhammer, Johann"]
[Black "Preusse, Goetz"]
[Result "0-1"]
[WhiteElo "1718"]
[BlackElo "1946"]
[PlyCount "70"]
[EventDate "2012.??.??"]
[EventType "tourn (corr)"]
[EventRounds "6"]
[EventCountry "GER"]
[SourceTitle "Corr 2015"]
[Source "ChessBase"]
[SourceDate "2015.07.17"]
[SourceVersion "1"]
[SourceVersionDate "2015.07.17"]
[SourceQuality "1"]

1. b4 c6 2. Nc3 e5 3. Nf3 Bxb4 4. Nxe5 Nf6 5. Bb2 d5 6. e3 0-0 7. Be2 Nbd7 8. Nf3 Nc5 9. 0-0 Re8 10. a3 Ba5 11. Nd4 Bxc3 12. Bxc3 Na4 13. Bf3 Nxc3 14. dxc3 Qe7 15. h3 h6 16. Qd2 c5 17. Ne2 Bf5 18. Nf4 Rad8 19. Rab1 Rd7 20. Nxd5 Nxd5 21. Bxd5 c4 22. Qd4 Bxc2 23. Rb4 Qd8 24. e4 Bxe4 25. Qxe4 Rxe4 26. Bxe4 Rd1 27. f3 Rxf1+ 28. Kxf1 Qd1+ 29. Kf2 Qd2+ 30. Kf1 Qxc3 31. Rxb7 Qc1+ 32. Ke2 g6 33. Rxa7 c3 34. Rc7 Qd2+ 35. Kf1 f5 0-1

[Event "GER H-2156 D email"]
[Site "GER email"]
[Date "2008.02.18"]
[Round "?"]
[White "Schoenhammer, Johann"]
[Black "Walka, Wolfram"]
[Result "0-1"]
[WhiteElo "1744"]
[BlackElo "1904"]
[PlyCount "38"]
[EventDate "2008.??.??"]
[EventType "tourn (corr)"]
[EventRounds "6"]
[EventCountry "GER"]
[SourceTitle "Corr 2011"]
[Source "ChessBase"]
[SourceDate "2010.08.31"]
[SourceVersion "1"]
[SourceVersionDate "2010.08.31"]
[SourceQuality "1"]

1. Nf3 Nf6 2. Nc3 d5 3. d3 a6 4. e3 e6 5. Be2 Nc6 6. 0-0 Be7 7. e4 d4 8. Nb1 e5 9. Nbd2 Nd7 10. c3 0-0 11. cxd4 exd4 12. Nb3 Nc5 13. Nxc5 Bxc5 14. Bf4 Bd6 15. e5 Be7 16. Rc1 Be6 17. a3 f6 18. exf6 Bxf6 19. Qb3 Bxb3 0-1